000 00551nam a2200169 i 4500
001 31272
003 ES-MaACL
005 20230906154341.0
007 t|
008 030128s1981 sp ||||1| spa d
100 1 _aBeizmann, Cécile.
_927082
245 1 0 _aManual de valoración de formas en el Rorschach /
_cCécile Beizmann ; versión de Rocío Fernández Ballesteros.
260 _a[Madrid] :
_bAguilar,
_c[1981]
300 _a252 p. :
_bil. ;
_c24 cm.
700 1 _aFernández Ballesteros, Rocío.
_949498
852 _aES-MaACL
_jL-1800
_bR.102484
999 _c31272
_d31272